[Event "IECC Swiss email"]
[Site "IECC email"]
[Date "1999.12.08"]
[Round "?"]
[White "Theofel, Heiner"]
[Black "Kehn, Alfred"]
[Result "1/2-1/2"]
[WhiteElo "1605"]
[BlackElo "1198"]
[PlyCount "51"]
[EventDate "1999.??.??"]
[EventType "tourn (corr)"]
[EventRounds "6"]
[SourceTitle "Corr 2008"]
[Source "ChessBase"]
[SourceDate "2008.06.24"]
[SourceVersion "1"]
[SourceVersionDate "2008.06.24"]
[SourceQuality "1"]

1. e4 c5 2. Nf3 d6 3. d4 cxd4 4. Nxd4 Nf6 5. Nc3 a6 6. f4 e5 7. Nf3 Nbd7 8. a4 Be7 9. Bd3 0-0 10. 0-0 Nc5 11. Kh1 exf4 12. Bxf4 Bg4 13. Qd2 Qb6 14. a5 Qb4 15. e5 dxe5 16. Bxe5 Rfd8 17. Bxf6 Bxf6 18. Nd5 Qxd2 19. Nxf6+ gxf6 20. Nxd2 Nxd3 21. cxd3 Rxd3 22. Ne4 f5 23. Rf4 Rad8 24. h3 fxe4 25. Rxg4+ Kf8 26. Rxe4 1/2-1/2

[Event "IECC Swiss email"]
[Site "IECC email"]
[Date "1999.07.29"]
[Round "?"]
[White "Arnold, Lee"]
[Black "Kehn, Alfred"]
[Result "1/2-1/2"]
[WhiteElo "1562"]
[BlackElo "1200"]
[PlyCount "89"]
[EventDate "1999.??.??"]
[EventType "tourn (corr)"]
[EventRounds "6"]
[SourceTitle "Corr 2008"]
[Source "ChessBase"]
[SourceDate "2008.06.24"]
[SourceVersion "1"]
[SourceVersionDate "2008.06.24"]
[SourceQuality "1"]

1. e4 c5 2. Nc3 d6 3. Nge2 e5 4. Ng3 Be6 5. Bb5+ Nc6 6. Bxc6+ bxc6 7. d3 Nf6 8. 0-0 Be7 9. b3 0-0 10. Bb2 d5 11. Nb1 Qc7 12. Nd2 d4 13. Re1 Bg4 14. f3 Be6 15. Nc4 Nd7 16. Qd2 Bxc4 17. Nf5 Bh4 18. Nxh4 Be6 19. Qg5 h6 20. Qg3 Nf6 21. Kf1 Rfe8 22. Bc1 Nh5 23. Qf2 Rad8 24. Bd2 a6 25. Nf5 Bxf5 26. exf5 Nf6 27. Qh4 Qd6 28. Re2 Nd5 29. Rae1 Qd7 30. Rxe5 Ne3+ 31. R5xe3 dxe3 32. Rxe3 Qxf5 33. Qc4 Qd5 34. Qxa6 Rxe3 35. Bxe3 Qe5 36. Bf2 Qa1+ 37. Be1 Re8 38. Qa5 Qe5 39. Qd2 Qxh2 40. Bf2 Qe5 41. Qe1 Qb8 42. Qc1 Qb4 43. a3 Qa5 44. Be1 Qc7 45. Bf2 1/2-1/2

[Event "IECC Swiss email"]
[Site "IECC email"]
[Date "1999.04.11"]
[Round "?"]
[White "Kehn, Alfred"]
[Black "Sanchez, Javier"]
[Result "0-1"]
[WhiteElo "1191"]
[BlackElo "1565"]
[PlyCount "20"]
[EventDate "1999.??.??"]
[EventType "tourn (corr)"]
[EventRounds "6"]
[SourceTitle "Corr 2008"]
[Source "ChessBase"]
[SourceDate "2008.06.24"]
[SourceVersion "1"]
[SourceVersionDate "2008.06.24"]
[SourceQuality "1"]

1. e4 c6 2. Nc3 d5 3. Nf3 dxe4 4. Nxe4 Nd7 5. Bc4 Ngf6 6. Neg5 e6 7. d4 h6 8. Nh3 Bd6 9. Bf4 Nb6 10. Bxd6 Qxd6 0-1

[Event "IECC Swiss email"]
[Site "IECC email"]
[Date "1999.03.28"]
[Round "?"]
[White "Kehn, Alfred"]
[Black "Pascute, Bruce"]
[Result "1-0"]
[WhiteElo "1212"]
[BlackElo "1423"]
[PlyCount "23"]
[EventDate "1999.??.??"]
[EventType "tourn (corr)"]
[EventRounds "6"]
[SourceTitle "Corr 2008"]
[Source "ChessBase"]
[SourceDate "2008.06.24"]
[SourceVersion "1"]
[SourceVersionDate "2008.06.24"]
[SourceQuality "1"]

1. d4 Nf6 2. Nf3 b6 3. Bg5 h6 4. Bd2 Ne4 5. e3 d5 6. Be2 Nc6 7. 0-0 Bg4 8. c4 e6 9. Qa4 Qd6 10. c5 Bxf3 11. cxd6 Bxe2 12. Qxc6+ 1-0

[Event "IECC Swiss email"]
[Site "IECC email"]
[Date "1999.02.20"]
[Round "?"]
[White "Kehn, Alfred"]
[Black "Huber, Martin"]
[Result "0-1"]
[WhiteElo "1241"]
[BlackElo "1710"]
[PlyCount "56"]
[EventDate "1999.??.??"]
[EventType "tourn (corr)"]
[EventRounds "6"]
[SourceTitle "Corr 2008"]
[Source "ChessBase"]
[SourceDate "2008.06.24"]
[SourceVersion "1"]
[SourceVersionDate "2008.06.24"]
[SourceQuality "1"]

1. e4 c5 2. Nf3 d6 3. d4 cxd4 4. Nxd4 Nf6 5. Nc3 g6 6. Be3 Bg7 7. f3 Nc6 8. Nxc6 bxc6 9. e5 dxe5 10. Qxd8+ Kxd8 11. 0-0-0+ Kc7 12. Bc4 e6 13. Bc5 Nd5 14. Ne4 Rd8 15. Rhe1 a5 16. Bf2 a4 17. a3 h5 18. Kb1 f5 19. Bh4 fxe4 20. Bxd8+ Kxd8 21. fxe4 Ke7 22. exd5 exd5 23. Be2 Rb8 24. c3 Be6 25. Rf1 e4 26. Rc1 d4 27. cxd4 Bxd4 28. Rc2 Bb3 0-1

[Event "IECC M email"]
[Site "IECC email"]
[Date "1999.01.31"]
[Round "?"]
[White "Kehn, Alfred"]
[Black "Kanios, Michal"]
[Result "0-1"]
[WhiteElo "1203"]
[BlackElo "1294"]
[PlyCount "24"]
[EventDate "1999.??.??"]
[EventType "tourn (corr)"]
[EventRounds "6"]
[SourceTitle "Corr 2008"]
[Source "ChessBase"]
[SourceDate "2008.06.24"]
[SourceVersion "1"]
[SourceVersionDate "2008.06.24"]
[SourceQuality "1"]

1. e4 c6 2. d4 d5 3. exd5 cxd5 4. c4 Nf6 5. Nc3 Nc6 6. Nf3 Bg4 7. cxd5 Bxf3 8. Qxf3 Nxd4 9. Qd1 e5 10. dxe6 fxe6 11. Be3 Bc5 12. Bc4 Qd6 0-1

[Event "IECC Quad email"]
[Site "IECC email"]
[Date "1999.01.31"]
[Round "?"]
[White "Kehn, Alfred"]
[Black "Lafargue, Philippe"]
[Result "1-0"]
[WhiteElo "1294"]
[BlackElo "978"]
[PlyCount "57"]
[EventDate "1999.??.??"]
[EventType "tourn (corr)"]
[EventRounds "6"]
[SourceTitle "Corr 2008"]
[Source "ChessBase"]
[SourceDate "2008.06.24"]
[SourceVersion "1"]
[SourceVersionDate "2008.06.24"]
[SourceQuality "1"]

1. e4 e5 2. Nf3 Nc6 3. Bc4 Bc5 4. 0-0 Nce7 5. Nc3 c6 6. Ng5 d5 7. exd5 cxd5 8. Bb5+ Bd7 9. Bxd7+ Qxd7 10. Nf3 f6 11. d4 e4 12. dxc5 exf3 13. Qxf3 0-0-0 14. Rd1 d4 15. Ne4 Nf5 16. g4 Nh4 17. Qg3 g5 18. Nd6+ Kb8 19. Nf7+ Ka8 20. Nxh8 Nh6 21. f4 Nxg4 22. fxg5 fxg5 23. Bxg5 Rxh8 24. c3 h5 25. Bxh4 Rg8 26. Rxd4 Qb5 27. h3 Qxb2 28. Rad1 b5 29. Qf3+ 1-0

[Event "IECC Quad email"]
[Site "IECC email"]
[Date "1999.01.31"]
[Round "?"]
[White "Richard, Andy"]
[Black "Kehn, Alfred"]
[Result "0-1"]
[WhiteElo "1319"]
[BlackElo "1277"]
[PlyCount "74"]
[EventDate "1999.??.??"]
[EventType "tourn (corr)"]
[EventRounds "6"]
[SourceTitle "Corr 2008"]
[Source "ChessBase"]
[SourceDate "2008.06.24"]
[SourceVersion "1"]
[SourceVersionDate "2008.06.24"]
[SourceQuality "1"]

1. e4 c5 2. Nf3 d6 3. d4 Nd7 4. Nc3 Qb6 5. dxc5 Nxc5 6. Bb5+ Bd7 7. Bxd7+ Nxd7 8. 0-0 e5 9. Nd5 Qc6 10. Be3 Ngf6 11. Nxf6+ Nxf6 12. b3 Nxe4 13. c4 Be7 14. Re1 0-0 15. Qd3 f5 16. Rad1 a6 17. a4 Bd8 18. Re2 Ba5 19. Bd2 Nxd2 20. Nxd2 e4 21. Qd5+ Qxd5 22. cxd5 b5 23. axb5 axb5 24. Nf1 Bb4 25. Ng3 Rac8 26. Ra2 Rc3 27. Ne2 Rxb3 28. Nd4 Rd3 29. Rxd3 exd3 30. Nxb5 d2 31. Ra1 Re8 32. g3 Re1+ 33. Rxe1 dxe1Q+ 34. Kg2 Bc5 35. Nxd6 Qxf2+ 36. Kh3 Bxd6 37. Kh4 Be7+ 0-1

[Event "IECC CL7-1999.02"]
[Site "IECC email"]
[Date "1998.11.15"]
[Round "?"]
[White "Levy, Yehuda"]
[Black "Kehn, Alfred"]
[Result "1-0"]
[WhiteElo "1116"]
[BlackElo "1121"]
[PlyCount "69"]
[EventDate "1999.??.??"]
[EventType "tourn (corr)"]
[EventRounds "4"]
[SourceTitle "Corr 2008"]
[Source "ChessBase"]
[SourceDate "2008.06.24"]
[SourceVersion "1"]
[SourceVersionDate "2008.06.24"]
[SourceQuality "1"]

1. d4 Nf6 2. c4 e6 3. Nf3 c6 4. Nc3 d5 5. e3 Nbd7 6. Bd3 Qa5 7. 0-0 Bd6 8. Qb3 b6 9. Bd2 Bb4 10. a3 Bxc3 11. Bxc3 Qa6 12. Rfd1 0-0 13. cxd5 Qxd3 14. Rxd3 exd5 15. Rc1 Bb7 16. Bb4 Rfe8 17. Qc2 Rac8 18. Bd6 Ne4 19. Bf4 a5 20. Qe2 Ba6 21. Qc2 c5 22. Rdd1 c4 23. Nd2 Nxd2 24. Qxd2 Nf6 25. f3 Bb7 26. Rc2 Bc6 27. Rdc1 Ba4 28. Rc3 h6 29. Be5 Nd7 30. Rb1 Bb3 31. Qc1 Nxe5 32. dxe5 b5 33. Qd2 Rxe5 34. Rbc1 Rce8 35. Re1 1-0